Derecho del medio ambiente

Guardat en:
Dades bibliogràfiques
Autor corporatiu: Universidad de Chile (Autor)
Format: Llibre
Idioma:espanyol
Publicat: Santiago LexisNexis 1998
Matèries:
Etiquetes: Afegir etiqueta
Sense etiquetes, Sigues el primer a etiquetar aquest registre!

MARC

LEADER 00000nam a2200000 a 4500
001 UCI9034
003 CL-VaPUC
005 20220315074420.0
008 081024e19980000cl 1 spa d
020 |a 9562381757 
082 0 4 |a 344.83046  |b UNI  |2 21 
110 2 |a Universidad de Chile  |e author  |9 621290 
245 1 0 |a Derecho del medio ambiente 
260 |a Santiago  |b LexisNexis  |c 1998 
300 |a 598 p 
583 |a last modification  |c 20190828 11:13:32  |k Rodrigo Vera 
650 0 0 |a Protección del medio ambiente  |9 257626 
650 0 0 |a Derecho ambiental   |9 257835 
650 0 0 |a Contaminación atmosférica  |9 262775 
650 0 0 |a Biodiversidad   |9 385995 
650 0 0 |a Cambio climático  |9 428490 
650 0 0 |a Congresos  |9 257560 
942 |c BK 
945 |a rbrito  |d 20081024 00:00:00 
546 |a En Español 
536 |a Universidad de Chile 
518 |p Congreso Internacional Derecho del Medio Ambiente, 1, Santiago, 1997 
999 |c 384395  |d 384393 
952 |0 0  |1 0  |4 0  |6 344_830460000000000_UNI_1998  |7 0  |8 A  |9 507073  |a BIBDER  |b BIBDER  |d 2020-01-23  |i 4490487  |o 344.83046 UNI 1998  |p 4490487  |r 2023-01-25  |w 2020-01-23  |y BK  |k DER